000 00562nam a2200181Ia 4500
003 OSt
005 20200814104639.0
008 190216s9999||||xx |||||||||||||| ||und||
020 _a9789812435132
040 _coclc
082 _a543
_bSKO/F
100 _aSkoog, Douglas A
_94125
245 0 _aFundamentals Of Analytical Chemistry /
_cDouglas A Skoog ; Donald M West ; F James Holler ; Stanley R Crouch
250 _a8th Ed.
260 _bThomson Asia,
_c2005.
_aSingapore:
300 _a1076p
942 _cBK
_2ddc
_h543
_iSKO/F
_k543
_mSKO/F
999 _c3254
_d3254